01213nam a2200277 a 450000100060000000300080000600500170001400800410003103500190007204000310009104100080012208200240013024502090015426000720036330000260043550400290046150500220049065000500051265000430056270000280060570000250063394200120065899900170067095201240068795201240081171931BD-RjUL20211209082202.0170509s1960 nyua b 100 0 eng d a(BD-RjUL)72147 aDLC/ICUcICUdBD-RjULbeng aeng00a539.7223bNUC 196010aNuclear forces and the few-nucleon problem :bproceedings of the international conference held at the Physics Department, Univ. College, London on 8-11 july 1959 /cEdited by T.C. Griffith and E.A. Power. aNew York :bSymposium Publications Division, Pergamon Press,c1960. a v. :bill. ;c24 cm. aIncludes bibliographies.0 aVol. 1 -- V. 2 -- 0aNuclear forces (Physics)xCongresses.9212750 0aNuclear reactionsxCongresses.9212751 aGriffith, T.C. 9212752 a Power, E.A.9212753 2ddccBK c71931d71931 00102ddc40718NFICaRUCLbRUCLcReadingd2017-05-09l0o539.7 NUC V-1 1960r2017-05-09 00:00:00tC-1w2017-05-09yBK 00102ddc40718NFICaRUCLbRUCLcReadingd2017-05-09l0o539.7 NUC V-1 1960r2017-05-09 00:00:00tC-1w2017-05-09yBK